000 00324nam a22001337a 4500
008 171024b xxu||||| |||| 00| 0 eng d
020 _a9780324184525
041 _aeng
080 _22 ED
_a311
100 _a55
101 _aSTA
245 _aESSENTIALS OF MODERN BUSINESS STATISTICS
_cWILLIAMS/A/S
942 _2udc
_cBK
999 _c35733
_d35733